Tratado de ciencia tributaria : (Registro nro. 12690)

Detalles MARC
000 -LEADER
fixed length control field 00963nam a2200229Ia 4500
003 - CONTROL NUMBER IDENTIFIER
control field OSt
005 - DATE AND TIME OF LATEST TRANSACTION
control field 20211112150125.0
008 - FIXED-LENGTH DATA ELEMENTS--GENERAL INFORMATION
fixed length control field 210310s1941 ck gr 000 0 spa d
040 ## - CATALOGING SOURCE
Original cataloging agency CO-JMCR
Transcribing agency CO-JMCR
041 0# - LANGUAGE CODE
Language code of text/sound track or separate title spa
082 04 - DEWEY DECIMAL CLASSIFICATION NUMBER
Classification number 336.240986 /
Item number A472t
Edition number 23
100 1# - MAIN ENTRY--PERSONAL NAME
Personal name Alvarado, Manuel A.,
Relator term autor
9 (RLIN) 28949
245 10 - TITLE STATEMENT
Title Tratado de ciencia tributaria :
Remainder of title teoría y legislación comparada. Reforma colombiana de 1935. Con un apéndice que contiene las leyes orgánicas del impuesto colombiano y sus reglamentos /
Statement of responsibility, etc. Manuel A. Alvarado
260 ## - PUBLICATION, DISTRIBUTION, ETC.
Place of publication, distribution, etc. Bogotá :
Name of publisher, distributor, etc. Siglo XXI,
Date of publication, distribution, etc. 1941.
300 ## - PHYSICAL DESCRIPTION
Extent 501 páginas ;
Dimensions 24 cm.
504 ## - BIBLIOGRAPHY, ETC. NOTE
Bibliography, etc. note Bibliografía : páginas 501.
505 0# - FORMATTED CONTENTS NOTE
Formatted contents note Postulados generales de imposición. -- Impuesto sobre la renta.
650 14 - SUBJECT ADDED ENTRY--TOPICAL TERM
Topical term or geographic name entry element Organización administrativa
General subdivision Impuestos
9 (RLIN) 41518
650 24 - SUBJECT ADDED ENTRY--TOPICAL TERM
Topical term or geographic name entry element Decretos reglamentarios
General subdivision Impuestos
Geographic subdivision Colombia
9 (RLIN) 41519
650 24 - SUBJECT ADDED ENTRY--TOPICAL TERM
Topical term or geographic name entry element Leyes orgánicas de impuestos
Geographic subdivision Colombia
9 (RLIN) 41520
942 ## - ADDED ENTRY ELEMENTS (KOHA)
Source of classification or shelving scheme Dewey Decimal Classification
Koha item type Books
Existencias
Withdrawn status Lost status Source of classification or shelving scheme Damaged status Not for loan Home library Current library Shelving location Date acquired Source of acquisition Full call number Barcode Date last seen Copy number Price effective from Koha item type
    Dewey Decimal Classification     Biblioteca Pública José María del Castillo y Rada Biblioteca Pública José María del Castillo y Rada General Stacks 04/15/2018 Donación 336.240986 / A472t 430004705 05/16/2024 Ej.1 03/10/2021 Books